000
00292nam a2200121 a 4500
005
20141022142004.0
008
080915s19uu xx 00 eng d
050
_a
VCD
_b
H15 2004
245
_a
Basic restorative Care.
650
_a
VCD NUR
650
_a
basic restorative care
942
_c
AVM
999
_c
276416
_d
276416